Formula One Winners 2000's - Statistics

General Stats
  • This quiz has been taken 12,320 times
  • The average score is 13 of 17
Answer Stats
Wins Driver % Correct
56 wins Michael Schumacher
98%
6 wins Ralf Schumacher
98%
21 wins Fernando Alonso
97%
11 wins Lewis Hamilton
97%
5 wins Sebastian Vettel
92%
7 wins Jenson Button
90%
18 wins Kimi Räikkönen
87%
11 wins Felipe Massa
81%
6 wins Mika Häkkinen
73%
2 wins Mark Webber
72%
11 wins Rubens Barrichello
72%
7 wins David Coulthard
65%
7 wins Juan Pablo Montoya
61%
3 wins Giancarlo Fisichella
51%
1 win Jarno Trulli
49%
1 win Robert Kubica
48%
1 win Heikki Kovalainen
43%
No matching quizzes found
Score Distribution
Percent of People with Each Score
Percentile by Number Answered
Your Score History
You have not taken this quiz